| 000 | 01183nam a22002777a 4500 | ||
|---|---|---|---|
| 003 | dpl | ||
| 005 | 20180718124617.0 | ||
| 008 | 180718b xxu||||| |||| 00| 0 eng d | ||
| 010 | _aB-072519 | ||
| 020 |
_c90.00 _a8188123048 |
||
| 035 | _aB-072519, B-072523 | ||
| 037 | _bCen Lib/Ret | ||
| 040 |
_aDPL _bHN _c0 |
||
| 082 |
_aक _bवशिष्ठ |
||
| 100 |
_aवशिष्ठ, सुदर्शन _958747 |
||
| 245 |
_aपुराण गाथा : _cसुदर्शन वशिष्ठ _bहिमालय के संदर्भ में / |
||
| 246 |
_aPuraan gaatha : himalaya ke sandarbh me / _bby Sudarshan Vashishth |
||
| 260 |
_aनई दिल्ली _bहिमाचल पुस्तक भंडार _c2002 |
||
| 270 |
_bनई दिल्ली _a24, अंसारी रोड, दरियागंज _e110002 |
||
| 300 |
_a104पृ. _c21सेमी (सजिल्द) |
||
| 650 |
_aहिन्दी -- साहित्य _958748 |
||
| 650 |
_aहिन्दी -- कहानी _9779 |
||
| 650 |
_aHindi -- Literature _958749 |
||
| 650 |
_aHindi -- Story _943117 |
||
| 942 |
_2ddc _cHN _hक _mवशिष्ठ |
||
| 999 |
_c114869 _d114869 |
||